Kachle a krbové vložky Jotul. Maloobchodný cenník 2007.

Uloženo v:
Podrobná bibliografie
Korporace: Jotul AS (Fredrikstad) (Autor), Scandique, Slovakia s.r.o. (Bratislava) (Sestavovatel, kompilátor)
Médium: Kniha
Jazyk:slovenština
Vydáno: [S.l.] : [s.n.], 2007
Vydání:[1. vyd.]
Témata:
On-line přístup: Získat plný text
Tagy: Přidat tag
Žádné tagy, Buďte první, kdo vytvoří štítek k tomuto záznamu!

MARC

LEADER 00000nam a2200000 4500
003 SK-BrCVT
005 20220621163610.0
008 080204s2007 no e ||||||slo d
035 |a CVTIDW1429011 
040 |b slo  |a CVTI SR  |e AACR2 
041 0 |a slo 
044 |a no 
080 |a 697.243  |2 UDC-MRF 
080 |a 692.711  |2 UDC-MRF 
110 2 |a Jotul AS (Fredrikstad)  |4 aut 
245 1 0 |a Kachle a krbové vložky Jotul. Maloobchodný cenník 2007. 
250 |a [1. vyd.] 
260 |a [S.l.] :  |b [s.n.],  |c 2007 
300 |a 10, 4 s. :  |b obr., tab. ; 
653 1 |a krbové kachle 
710 2 |a Scandique, Slovakia s.r.o. (Bratislava)  |4 com 
910 |b F027929 
959 |a 6707 
959 |a 6706 
974 |f Firemná literatúra 
992 |a FCE 
999 |c 158042  |d 158042